Du composé humain / (Record no. 157694)
[ view plain ]
| 000 -LEADER | |
|---|---|
| campo de control de longitud fija | 00986nam a2200265 i 4500 |
| 001 - NÚMERO DE CONTROL | |
| campo de control | 157694 |
| 003 - IDENTIFICADOR DE NÚMERO DE CONTROL | |
| campo de control | ES-MaACL |
| 005 - FECHA Y HORA DE LA ÚLTIMA TRANSACCIÓN | |
| campo de control | 20251218063014.0 |
| 008 - DATOS DE LONGITUD FIJA--INFORMACIÓN GENERAL | |
| campo de control de longitud fija | 991104s1865 fr |||| | fre d |
| 040 ## - FUENTE DE CATALOGACIÓN | |
| Centro catalogador/agencia de origen | EUS |
| Lengua de catalogación | spa |
| Centro/agencia transcriptor | EUS |
| 100 1# - ENTRADA PRINCIPAL--NOMBRE DE PERSONA | |
| Nombre de persona | Liberatore, Matteo, |
| Fechas asociadas al nombre | 1810-1892 |
| 9 (RLIN) | 156482 |
| 245 10 - MENCIÓN DEL TÍTULO | |
| Título | Du composé humain / |
| Mención de responsabilidad, etc. | par le R.P.M. Liberatore de la Compagnie de Jésus ; traduit de l'italien par un père de la même compagnie. |
| 260 ## - PUBLICACIÓN, DISTRIBUCIÓN, ETC. | |
| Lugar de publicación, distribución, etc. | Lyon : |
| Nombre del editor, distribuidor, etc. | Librairie Ecclésiastique et Classique de Briday..., |
| Fecha de publicación, distribución, etc. | 1865 ( |
| Lugar de fabricación/manufactura | Bar-le-Duc : |
| Fabricante | Contant-Laguerre et Cie) |
| 300 ## - DESCRIPCIÓN FÍSICA | |
| Extensión | [3], [1] en bl., XXI, [1] en bl., 537, [1] p. ; |
| Dimensiones | 23 cm. |
| 593 ## - | |
| -- | Encabezamiento completado con prelim. |
| 594 ## - Nota al título y mención de responsabilidad | |
| Nota al título y mención de responsabilidad | Texto en francés y latín. |
| 596 2# - NOTA AL PIE DE IMPRENTA | |
| NOTA AL PIE DE IMPRENTA | Colofón. |
| 597 ## - NOTA DE DESCRIPCIÓN FÍSICA | |
| NOTA DE DESCRIPCIÓN FÍSICA | Signaturizado. |
| 597 ## - NOTA DE DESCRIPCIÓN FÍSICA | |
| NOTA DE DESCRIPCIÓN FÍSICA | Antep. |
| 700 1# - ENTRADA AGREGADA--NOMBRE PERSONAL | |
| Nombre de persona | Briday, |
| Término indicativo de función/relación | |
| 9 (RLIN) | 126166 |
| 752 ## - ENTRADA AGREGADA--NOMBRE JERÁRQUICO DEL LUGAR | |
| País o entidad superior | Francia - |
| Ciudad | Lyon |
| 852 ## - LOCALIZACIÓN | |
| Ubicación | ES-MaACL |
| Número de control de estantería | G-11928 |
| Nota libre | -- Enc. hol. |
| Estatus retirado | Estado de pérdida | Estado de daño | No para préstamo | Colección | Biblioteca de origen | Biblioteca actual | Ubicación en estantería | Fecha de adquisición | Fuente de adquisición | Total de préstamos | Signatura topográfica completa | Código de barras | Visto por última vez | Precio de reemplazo | Tipo de ítem Koha |
|---|---|---|---|---|---|---|---|---|---|---|---|---|---|---|---|
| Libros del s. XIX | Biblioteca del Ateneo de Madrid | Biblioteca del Ateneo de Madrid | Sala Pecera Planta 3 | 17/01/2008 | G-11928 | 1165023 | 23/02/2023 | 23/02/2023 | Libro impreso antiguo |
